|
|
|
|
| LEADER |
01532nam a2200409 a 4500 |
| 001 |
EBC312318 |
| 003 |
MiAaPQ |
| 005 |
20200520144314.0 |
| 006 |
m o d | |
| 007 |
cr cn||||||||| |
| 008 |
061101s2007 njua sb 011 0 eng |
| 010 |
|
|
|z 2006052555
|
| 020 |
|
|
|z 9812569499
|
| 020 |
|
|
|z 9789812569493
|
| 035 |
|
|
|a (MiAaPQ)EBC312318
|
| 035 |
|
|
|a (Au-PeEL)EBL312318
|
| 035 |
|
|
|a (CaPaEBR)ebr10188774
|
| 035 |
|
|
|a (CaONFJC)MIL112098
|
| 035 |
|
|
|a (OCoLC)476099645
|
| 040 |
|
|
|a MiAaPQ
|c MiAaPQ
|d MiAaPQ
|
| 050 |
|
4 |
|a HG4026
|b .R366 2007
|
| 082 |
0 |
4 |
|a 338.6/04101
|2 22
|
| 100 |
1 |
|
|a Rao, Ramesh K. S.
|
| 245 |
1 |
2 |
|a A theory of the firm's cost of capital
|h [electronic resource] :
|b how debt affects the firm's risk, value, tax rate, and the government's tax claim /
|c Ramesh K.S. Rao, Eric C. Stevens.
|
| 260 |
|
|
|a Hackensack, NJ :
|b World Scientific,
|c c2007.
|
| 300 |
|
|
|a xiv, 88 p. :
|b ill.
|
| 504 |
|
|
|a Includes bibliographical references (p. 85-88) and index.
|
| 533 |
|
|
|a Electronic reproduction. Ann Arbor, MI : ProQuest, 2015. Available via World Wide Web. Access may be limited to ProQuest affiliated libraries.
|
| 650 |
|
0 |
|a Corporations
|x Finance.
|
| 650 |
|
0 |
|a Capital costs.
|
| 650 |
|
0 |
|a Corporate debt.
|
| 650 |
|
0 |
|a Capital assets pricing model.
|
| 650 |
|
0 |
|a Financial leverage.
|
| 655 |
|
4 |
|a Electronic books.
|
| 700 |
1 |
|
|a Stevens, Eric C.,
|d 1962-
|
| 710 |
2 |
|
|a ProQuest (Firm)
|
| 856 |
4 |
0 |
|u https://ebookcentral.proquest.com/lib/matrademy/detail.action?docID=312318
|z Click to View
|